000 00607nam a2200145 a 4500
008 081113s2007 ||||||||||||||||| || u
050 _aIBRD(08)
100 _aBandiera, Luca
245 1 5 _aThe "how to" of fiscal sustainability: a technical manual for using the fiscal sustainability tool
260 _aWashington, D. C.
_bWorld Bank
_c2007
300 _a71p. :ill.
350 _a0.00
490 _aPolicy Research Working Paper
995 _D0.00
_FCBU-MAIN LIBRARY (Kitwe)
_H1
_I0.00
_M1
_UAVAILABLE
_WNov 13, 2008
_ZInternational Publications
999 _c45825
_d45825